|
|
|
|
| LEADER |
00000nam a2200000 a 4500 |
| 001 |
vtls001473534 |
| 003 |
SK-MaSNL |
| 005 |
20260302073526.0 |
| 008 |
240315s2003 gw dl b 00000 ger |
| 020 |
|
|
|a 3631510292
|q (brož.)
|
| 035 |
|
|
|a SNK000428836
|
| 040 |
|
|
|a SNK
|b slo
|c SNK
|e AACR2
|
| 041 |
0 |
|
|a ger
|
| 044 |
|
|
|a gw
|c DE
|
| 072 |
|
7 |
|a 81
|x Jazykoveda. Jazyky
|2 konspekt
|
| 080 |
|
|
|a 81`34
|2 MDT-MRF
|
| 080 |
|
|
|a 81`42
|2 MDT-MRF
|
| 080 |
|
|
|a (048.8)
|2 MDT-MRF
|
| 100 |
1 |
|
|a Kranich, Wieland
|4 aut
|9 738049
|
| 245 |
1 |
0 |
|a Phonetische Untersuchungen zur Prosodie emotionaler Sprechausdrucksweisen
|c Wieland Kranich
|
| 260 |
|
|
|a Frankfurt am Main
|b Peter Lang
|c 2003
|
| 300 |
|
|
|a 241 s.
|b tab.
|c 21 cm
|
| 490 |
1 |
|
|a Hallesche Schriften zur Sprechwissenschaft und Phonetik
|x 1437-3890
|v Bd. 11
|
| 650 |
0 |
7 |
|a fonetika
|2 SNKPH
|9 863
|
| 650 |
0 |
7 |
|a hovorový prejav
|2 SNKPH
|9 312015
|
| 650 |
0 |
7 |
|a rytmika
|2 SNKPH
|9 24067
|
| 655 |
|
7 |
|a štúdie
|2 SNKPH
|9 57033
|
| 830 |
|
0 |
|a Hallesche Schriften zur Sprechwissenschaft und Phonetik
|9 295389
|
| 919 |
|
|
|a 3-631-51029-2
|
| 999 |
|
|
|c 1161189
|d 1163119
|
| 952 |
|
|
|t P60, <04>, [BOOK], {604}, -K-
|a SNK
|b SNK
|y VYP
|7 0
|p 17A0441160
|o snkIC 131591
|i snkV 1201/2004
|8 2
|g 50.95
|0 0
|1 0
|4 0
|d 2004-04-21
|l 0
|r 2005-01-02 00:00:00
|w 2026-02-24
|